Регионална библиотека "Любен Каравелов" - Русе

Роман на колелета (Запис номер 174608)

MARC детайли
000 -Лидер
Контролно поле с фиксирана дължина 01055nam a2200301 c 4500
003 - Код на организацията, давaща контролен номер
Контролно поле BLK
005 - Дата и час на последна редакция
Контролно поле 20220817085049.0
008 - Елементи от данни с фиксирана дължина
fixed length control field 180411b bul|||||r ||||||| ||bul||
010 ## - Наследен системен номер
LC control number KNG00183100000
040 ## - Източник на каталожния запис
Идентификатор на билиотеката - собственик на записа BLK
041 ## - Код за език
Код за езика на текст/звукозапис или на отделно заглавие Български
Код за езика КДБФ Български
080 ## - УДК
Текстов определител УДК Българска литература
УДК код - определител по УДК 821.163.2
УДК определител -31
УДК - код + определител 821.163.2-31
100 1# - Редна дума - Автор
Автор Цончев, Дончо Стефанов
Авторска отговорност първи автор
R(LIN) 367144
139 ## - Редно поле
Редна дума Цончев, Дончо Стефанов
Авторски знак Цонч - Ц 85
245 10 - Сведения за заглавието
Заглавие Роман на колелета
Подзаглавни данни Роман
Редно поле (дума) Дончо Цончев.
250 ## - Област на изданието
Сведения за изданието 2. изд.
257 ## - Страна на издаване
Страна на създаване/издаване България
260 ## - Област на издателските данни
Място на издаване, разпространение и проч. София
Име на издателя, разпространителя и проч. Медицина и физкултура
Година на издаване 1974
Печатница Пловдив : Д. Благоев
300 ## - Физическа характеристика
Страници 108 с.
Размери/Мащаб 20 см
380 ## - Жанр
Жанр Худож. лит.
490 ## - СЕРИИ (Колекции)
Име на серия Поредица Стадион
9 (RLIN) 205577
500 ## - Общи забележки
Забележка 1. изд. 1970. - 19 200 тир.
852 ## - Местоположение
Форматна сигнатура Цб 71613
Фондова буква Хранилище
856 4# - Електронен адрес и достъп
Електронен формат pdf - файл
856 4# - Електронен адрес и достъп
Електронен формат pdf - файл
999 ## - СИСТЕМНИ КОНТРОЛНИ НОМЕРА
Koha biblionumber 174608
Koha biblioitemnumber 174608
942 ## - АРТИКУЛИ
Вид на библиотечния материал Книги
Скрит в OPAC Не
Периодичен библиозапис Да
944 ## - СЪЗДАВАНЕ И РЕДАКЦИЯ на ЗАПИСА
Създаване/Редакция Създаване
Дата на регистрацията/редакция 02.10.2015
Служител, извършил регистрацията/редакцията Кети_Илиева
944 ## - СЪЗДАВАНЕ И РЕДАКЦИЯ на ЗАПИСА
Създаване/Редакция Редакция
Дата на регистрацията/редакция 12.09.2017
Служител, извършил регистрацията/редакцията Вася_Ганчева
999 ## - СИСТЕМНИ КОНТРОЛНИ НОМЕРА
Koha biblioitemnumber 174608
Наличности
Код за отписване Код за изгубен артикул Източник на класификационната схема Код за повреда Коз за рестрикции Код за отдаване Артикулен № Име на библиотеката - собственик Име на библиотеката, в която се намира в момента Статус (Текущо местоположение) Дата на вписване в системата Местоположение - отдел Цена в лева Инвентарен номер Систематично азбучна сигнатура Баркод Номер на екземпляра Цена в евро Служебна бележка Служебен тип на артикула Бележка за публиката
  Не е изгубен Universal Decimal Classification Не е повреден без рестрикции ползва се в читалня 299954 Регионална библиотека "Любен Каравелов" Русе Регионална библиотека "Любен Каравелов" Русе Хранилище 1974-01-01 Хранилище 0.45 165161 Цб 71613 120000165161 1 0.23 Вид: Сф Дата: 01.01.1974 Книги  
Изтеглен Не е изгубен   Не е повреден без рестрикции заемане за дома 299955 Регионална библиотека "Любен Каравелов" Русе Регионална библиотека "Любен Каравелов" Русе   1974-01-01 Заемна - подръчен фонд 0.45 165443 П 886.7-31/Ц 85 165443 2 0.23 Вид: Сф Дата: 01.01.1974 Книги Отч.N: 25/2018 , Дата: 26.03.2018
Изтеглен Не е изгубен   Не е повреден без рестрикции заемане за дома 299956 Регионална библиотека "Любен Каравелов" Русе Регионална библиотека "Любен Каравелов" Русе   1974-01-01 Заемна - подръчен фонд 0.45 165445 П 886.7-31/Ц 85 165445 3 0.23 Вид: Сф Дата: 01.01.1974 Книги Отч.N: 25/2018 , Дата: 26.03.2018
Изтеглен Не е изгубен   Не е повреден без рестрикции заемане за дома 299957 Регионална библиотека "Любен Каравелов" Русе Регионална библиотека "Любен Каравелов" Русе   1974-01-01 Заемна - подръчен фонд 0.45 165446 П 886.7-31/Ц 85 165446 4 0.23 Вид: Сф Дата: 01.01.1974 Книги Отч.N: 25/2018 , Дата: 26.03.2018
Изтеглен Не е изгубен   Не е повреден без рестрикции заемане за дома 299958 Регионална библиотека "Любен Каравелов" Русе Регионална библиотека "Любен Каравелов" Русе   1974-01-01 Заемна - подръчен фонд 0.45 165447 П 886.7-31/Ц 85 165447 5 0.23 Вид: Сф Дата: 01.01.1974 Книги Отч.N: 25/2018 , Дата: 26.03.2018
Изтеглен Не е изгубен   Не е повреден без рестрикции заемане за дома 299959 Регионална библиотека "Любен Каравелов" Русе Регионална библиотека "Любен Каравелов" Русе   1974-01-01 Заемна - подръчен фонд 0.45 165448 П 886.7-31/Ц 85 165448 6 0.23 Вид: Сф Дата: 01.01.1974 Книги Отч.N: 25/2018 , Дата: 26.03.2018
Изтеглен Не е изгубен   Не е повреден без рестрикции заемане за дома 299960 Регионална библиотека "Любен Каравелов" Русе Регионална библиотека "Любен Каравелов" Русе   1974-01-01 Заемна - подръчен фонд 0.45 165449 П 886.7-31/Ц 85 165449 7 0.23 Вид: Сф Дата: 01.01.1974 Книги Отч.N: 25/2018 , Дата: 26.03.2018
Изтеглен Не е изгубен   Не е повреден без рестрикции заемане за дома 299961 Регионална библиотека "Любен Каравелов" Русе Регионална библиотека "Любен Каравелов" Русе   1974-01-01 Заемна - подръчен фонд 0.45 165450 П 886.7-31/Ц 85 165450 8 0.23 Вид: Сф Дата: 01.01.1974 Книги Отч.N: 25/2018 , Дата: 26.03.2018
Изтеглен Не е изгубен   Не е повреден без рестрикции заемане за дома 299962 Регионална библиотека "Любен Каравелов" Русе Регионална библиотека "Любен Каравелов" Русе   1974-01-01 Детски отдел 0.45 165334 ДХ 886.7/Ц 85 165334 9 0.23 Вид: Сф Дата: 01.01.1974 Дата инв: 07.10.2015 Бележки инв: Д2015 Книги Отч.N: 43/17 , Дата: 08.09.2017
Изтеглен Не е изгубен   Не е повреден без рестрикции заемане за дома 299963 Регионална библиотека "Любен Каравелов" Русе Регионална библиотека "Любен Каравелов" Русе   1974-01-01 Детски отдел 0.45 165335 ДХ 886.7/Ц 85 165335 10 0.23 Вид: Сф Дата: 01.01.1974 Дата инв: 07.10.2015 Бележки инв: Д2015 Книги Отч.N: 43/17 , Дата: 08.09.2017
Изтеглен Не е изгубен   Не е повреден без рестрикции заемане за дома 299964 Регионална библиотека "Любен Каравелов" Русе Регионална библиотека "Любен Каравелов" Русе   1974-01-01 Детски отдел 0.45 165337 ДХ 886.7/Ц 85 165337 11 0.23 Вид: Сф Дата: 01.01.1974 Дата инв: 07.10.2015 Бележки инв: Д2015 Книги Отч.N: 27/2017 , Дата: 16.08.2017
Vip Innovations Ltd, Rousse, Bulgaria 2025